[Event "Valby K41 Spring-C"]
[Site "Valby"]
[Date "2007.05.08"]
[Round "6"]
[White "Jorgensen, Kasper Moller"]
[Black "Taylor, Ralph"]
[Result "1-0"]
[WhiteElo "1857"]
[BlackElo "1870"]
[PlyCount "122"]
[EventDate "2007.03.13"]
[EventType "tourn"]
[EventRounds "7"]
[EventCountry "DEN"]
[SourceTitle "EXT 2023"]
[Source "ChessBase"]
[SourceDate "2022.10.05"]
[SourceVersion "1"]
[SourceVersionDate "2022.10.05"]
[SourceQuality "1"]

1. d4 Nf6 2. c4 c5 3. Nf3 g6 4. Nc3 cxd4 5. Nxd4 Bg7 6. e4 d6 7. Be2 0-0 8. 0-0 a6 9. Be3 Nbd7 10. f3 Nc5 11. Rc1 Bd7 12. b4 Ne6 13. Nb3 Rc8 14. Nd5 Rb8 15. Bb6 Qe8 16. Qd2 Bc6 17. Rc2 Nd7 18. Be3 b6 19. Rfc1 Qd8 20. Bf1 Re8 21. g3 Ba4 22. Bh3 Ne5 23. Kg2 Nc6 24. Bxe6 fxe6 25. Nf4 Kf7 26. h4 a5 27. Nd3 Qd7 28. b5 Nd8 29. Bf4 Qb7 30. Nb2 Bxb3 31. axb3 Bxb2 32. Rxb2 e5 33. Be3 Ne6 34. Qd5 Rec8 35. Rf1 Qxd5 36. exd5 Nc5 37. Bxc5 Rxc5 38. f4 e4 39. Re1 a4 40. Rxe4 axb3 41. Rxb3 Ra8 42. Kf3 Ra4 43. Rc3 Rb4 44. Kg4 Rc7 45. Kg5 Rxb5 46. Rce3 Rbc5 47. Kh6 b5 48. cxb5 Rxd5 49. g4 Rxb5 50. Kxh7 Rb8 51. Re6 Rb5 52. h5 gxh5 53. g5 Rb8 54. g6+ Kf8 55. f5 h4 56. Rh3 Rc5 57. Rxh4 Rxf5 58. Kh6 Rb7 59. Ra4 Kg8 60. g7 Rb8 61. Rxe7 Rd8 1-0

[Event "Valby K41 Spring-C"]
[Site "Valby"]
[Date "2007.04.24"]
[Round "4"]
[White "Taylor, Ralph"]
[Black "Thygesen, Morten"]
[Result "1-0"]
[WhiteElo "1870"]
[BlackElo "1884"]
[PlyCount "73"]
[EventDate "2007.03.13"]
[EventType "tourn"]
[EventRounds "7"]
[EventCountry "DEN"]
[SourceTitle "EXT 2023"]
[Source "ChessBase"]
[SourceDate "2022.10.05"]
[SourceVersion "1"]
[SourceVersionDate "2022.10.05"]
[SourceQuality "1"]

1. e4 d5 2. exd5 Nf6 3. d4 Bg4 4. f3 Bf5 5. Bb5+ c6 6. dxc6 Nxc6 7. Ne2 e6 8. 0-0 Bd6 9. Bg5 0-0 10. Nbc3 Qc7 11. h3 Kh8 12. Bxf6 gxf6 13. Ne4 Rg8 14. Kh1 Rg6 15. Nxd6 Qxd6 16. Qd2 e5 17. d5 Rag8 18. Rg1 Ne7 19. Rad1 Bc8 20. Bd3 f5 21. c4 Rh6 22. c5 Qf6 23. d6 Qh4 24. Nf4 Nc6 25. Bf1 Nd4 26. Qe3 f6 27. Rxd4 exd4 28. Qxd4 Bd7 29. b4 Qg3 30. b5 Rg4 31. fxg4 fxg4 32. Nh5 Qh4 33. Nf4 gxh3 34. g3 Qg4 35. Kh2 Qf5 36. Bd3 Qg4 37. Qe4 1-0

[Event "Valby K41 Spring-C"]
[Site "Valby"]
[Date "2007.03.27"]
[Round "2"]
[White "Taylor, Ralph"]
[Black "Gjedde, Thomas"]
[Result "0-1"]
[WhiteElo "1870"]
[BlackElo "1950"]
[PlyCount "84"]
[EventDate "2007.03.13"]
[EventType "tourn"]
[EventRounds "7"]
[EventCountry "DEN"]
[SourceTitle "EXT 2023"]
[Source "ChessBase"]
[SourceDate "2022.10.05"]
[SourceVersion "1"]
[SourceVersionDate "2022.10.05"]
[SourceQuality "1"]

1. e4 e5 2. Nf3 Nc6 3. Bb5 a6 4. Ba4 Nf6 5. 0-0 Be7 6. Re1 b5 7. Bb3 d6 8. c3 0-0 9. h3 Na5 10. Bc2 c5 11. d4 cxd4 12. cxd4 Qc7 13. Nbd2 Bb7 14. Nf1 Rac8 15. Bb1 Nc6 16. Ng3 g6 17. Bg5 Rfd8 18. a3 d5 19. Ba2 dxe4 20. Qb3 Nd5 21. Bxe7 Qxe7 22. Nxe4 Nxd4 23. Nxd4 exd4 24. Qg3 Qc7 25. Qh4 Qf4 26. g4 Kg7 27. Rad1 Ne3 28. Ng5 h6 29. Ne6+ fxe6 30. Qe7+ Qf7 31. Qxf7+ Kxf7 32. fxe3 dxe3 33. Rxd8 Rxd8 34. Rxe3 Bd5 35. Bb1 Bc4 36. Be4 Rd1+ 37. Kf2 Rd2+ 38. Kg3 Rxb2 39. Rf3+ Kg7 40. Kf4 Rb3 41. Rf2 Rxa3 42. Ke5 Re3 0-1

[Event "Valby K41 Spring-C"]
[Site "Valby"]
[Date "2007.03.13"]
[Round "1"]
[White "Marshall, Michael"]
[Black "Taylor, Ralph"]
[Result "1-0"]
[WhiteElo "1770"]
[BlackElo "1870"]
[PlyCount "77"]
[EventDate "2007.03.13"]
[EventType "tourn"]
[EventRounds "7"]
[EventCountry "DEN"]
[SourceTitle "EXT 2023"]
[Source "ChessBase"]
[SourceDate "2022.10.05"]
[SourceVersion "1"]
[SourceVersionDate "2022.10.05"]
[SourceQuality "1"]

1. d4 Nf6 2. Nf3 g6 3. Nc3 Bg7 4. e4 d6 5. Be3 0-0 6. Qd2 Ng4 7. Bg5 h6 8. Bh4 c6 9. 0-0-0 b5 10. Bd3 Nd7 11. h3 Ngf6 12. e5 dxe5 13. dxe5 Nd5 14. Nxd5 cxd5 15. Rhe1 Nc5 16. Bf1 Bb7 17. Nd4 Ne4 18. Qe3 Bxe5 19. f3 g5 20. Ne2 Bg7 21. fxe4 gxh4 22. exd5 Qa5 23. Qb3 Qc7 24. g3 Rac8 25. Bg2 Rfd8 26. Rf1 a5 27. a4 bxa4 28. Qxa4 Ba6 29. Rfe1 Bb5 30. Qe4 Qb6 31. c3 Rb8 32. Nd4 Bd3 33. Rxd3 Qxb2+ 34. Kd1 hxg3 35. Rxg3 Qa2 36. Nc2 Kh8 37. Rxg7 Kxg7 38. Qd4+ f6 39. Rxe7+ 1-0

[Event "Copenhagen K41 Aabent-ch 0506"]
[Site "Copenhagen"]
[Date "2006.02.21"]
[Round "9"]
[White "Christiansen, Erling"]
[Black "Taylor, Ralph"]
[Result "0-1"]
[WhiteElo "1816"]
[BlackElo "1801"]
[PlyCount "86"]
[EventDate "2005.11.15"]
[EventType "swiss"]
[EventRounds "9"]
[EventCountry "DEN"]
[SourceTitle "EXT 2023"]
[Source "ChessBase"]
[SourceDate "2022.10.05"]
[SourceVersion "1"]
[SourceVersionDate "2022.10.05"]
[SourceQuality "1"]

1. e4 c5 2. Nc3 e6 3. g3 Nc6 4. Bg2 Nf6 5. f4 d5 6. e5 Nd7 7. d3 Be7 8. Nf3 Qb6 9. 0-0 f5 10. exf6 Nxf6 11. Kh1 Bd6 12. Qe2 Bd7 13. Bh3 0-0-0 14. Bxe6 Rhe8 15. Bxd7+ Rxd7 16. Qg2 Rde7 17. b3 d4 18. Na4 Qa6 19. Ne5 Nxe5 20. fxe5 Rxe5 21. Bf4 Re2 22. Rf2 Rxf2 23. Qxf2 Qc6+ 24. Kg1 Ng4 25. Qf1 Bxf4 26. Qxf4 Ne3 27. Qf2 Qd6 28. Nb2 Rf8 29. Qe2 Qe5 30. Re1 Re8 31. Nd1 Kc7 32. Nxe3 dxe3 33. a4 Qd4 34. Kg2 Qc3 35. h4 Re7 36. Kh3 Kb6 37. Rd1 Ka5 38. Qe1 Kb4 39. Kg2 Qxe1 40. Rxe1 e2 41. Kf2 Kc3 42. Rxe2 Rxe2+ 43. Kxe2 Kxc2 0-1

[Event "Copenhagen K41 Aabent-ch 0506"]
[Site "Copenhagen"]
[Date "2005.11.15"]
[Round "1"]
[White "Hou, Mads"]
[Black "Taylor, Ralph"]
[Result "0-1"]
[WhiteElo "1424"]
[BlackElo "1801"]
[PlyCount "94"]
[EventDate "2005.11.15"]
[EventType "swiss"]
[EventRounds "9"]
[EventCountry "DEN"]
[SourceTitle "EXT 2023"]
[Source "ChessBase"]
[SourceDate "2022.10.05"]
[SourceVersion "1"]
[SourceVersionDate "2022.10.05"]
[SourceQuality "1"]

1. e4 c5 2. b4 b6 3. bxc5 bxc5 4. Nc3 d6 5. f4 Nf6 6. Nf3 g6 7. Bc4 e6 8. 0-0 Bb7 9. e5 d5 10. Bb5+ Nfd7 11. d4 a6 12. Ba4 Qc7 13. Ba3 Nc6 14. Ne2 c4 15. Bxf8 Kxf8 16. c3 h5 17. Ng5 Ne7 18. Bc2 Nf5 19. Rf3 h4 20. Rb1 Rb8 21. Kh1 Bc6 22. Ng1 Ke7 23. N1h3 Rxb1 24. Bxb1 Qa5 25. Nf2 Ba4 26. Qc1 Qb6 27. Ng4 Rb8 28. Rf1 Qb2 29. Bxf5 gxf5 30. Nh6 Qxc1 31. Rxc1 f6 32. exf6+ Nxf6 33. Re1 Ne4 34. Nhf7 Rb2 35. Ne5 Rxa2 36. Rb1 Bb3 37. Rc1 Nxc3 38. g3 Ne2 39. Re1 hxg3 40. h4 Nxf4 41. Ng6+ Nxg6 42. Rxe6+ Kd7 43. Rxg6 Rh2+ 44. Kg1 c3 45. Nf3 c2 46. Ne5+ Ke7 47. Rc6 Bc4 0-1